000
00351nam a2200145Ia 4500
008
231129s1983||||xx |||||||||||||| ||spa||
020
_a
968-13-1421-2
040
_b
spa
082
_a
658.302 J28j
100
_a
James Muriel
245
0
_a
El jefe O.K.
260
_c
1983
264
_a
Diana
942
_2
ddc
_c
BKS
999
_c
11407
_d
11407